| 000 | 01076cam a2200217 4500 | ||
|---|---|---|---|
| 001 | L129212 | ||
| 008 | 050401n2005 000 0 eng u | ||
| 020 | _a0728204592 | ||
| 035 | _a(Sirsi) u129212 | ||
| 041 | _aeng | ||
| 050 |
_a333.33 _c18 |
||
| 100 | _aNorward, Graham | ||
| 245 | _a21st century estate agency | ||
| 260 |
_aLondon _bEstates Gazette _c2005 |
||
| 300 |
_aix,165p. _c22cm |
||
| 350 | _a20.00 | ||
| 520 | _aIllustrates how new technology and working practices can revolutionise the UK estate agency industry, both improving image and increasing profits. Examines how estate agents in the USA and Australia benefit from using the full spectrum of IT innovations and looks at what is available in the UK. Provides case studies of adventurous UK property pioneers and considers the future potential of IT property market applications - e-everything. Concludes with details of hardware, software and training providers and Internet resources. | ||
| 590 | _aIKA150405 | ||
| 690 | _aPROPERTY-RESIDENTIAL PROPERTY-RESIDENTIAL PROPERTY AGENCY | ||
| 942 | _n0 | ||
| 999 |
_c104128 _d104128 |
||